书目信息 |
| 题名: |
诗词为媒;毛泽东与柳亚子
|
|
| 作者: | 石玉坤 , 张树德 著 | |
| 分册: | ||
| 出版信息: | 北京 中共中央党校出版社 1999.01 |
|
| 页数: | 294页 | |
| 开本: | 32开 | |
| 丛书名: | ||
| 单 册: | ||
| 中图分类: | A752 | |
| 科图分类: | ||
| 主题词: | 毛泽东--生平事迹 , 毛泽东--传记 | |
| 电子资源: | ||
| ISBN: | 7-5035-1892-8 | |
| 000 | 00645nam0 2200217 45 | |
| 001 | 0008030904 | |
| 005 | 20000803090913.4 | |
| 010 | @a7-5035-1892-8@d17.50元 | |
| 100 | @a20000803d1999 km y0chiy0120 ea | |
| 101 | 0 | @achi |
| 105 | @a z 000yy | |
| 200 | 1 | @a诗词为媒;毛泽东与柳亚子@AShi Ci Wei Mei;Mao Ze Dong Yu Liu Ya Zi@f石玉坤,张树德著@FShi Yu Kun,Zhang Shu De Zhu |
| 210 | @a北京@c中共中央党校出版社@d1999.01 | |
| 215 | @a294页@d32开 | |
| 606 | 0 | @a毛泽东@x生平事迹 |
| 606 | 0 | @a毛泽东@x传记 |
| 690 | @aA752@v3 | |
| 701 | 0 | @a石玉坤@4著 |
| 701 | 0 | @a张树德@4著 |
| 801 | @aCN@bPftUser@c20000803 | |
| 905 | @b87676-679@dA752@eSH413@f4 | |
| 诗词为媒;毛泽东与柳亚子/石玉坤,张树德著.-北京:中共中央党校出版社,1999.01 |
| 294页;32开 |
| ISBN 7-5035-1892-8:17.50元 |
| ● |
| 相关链接 |
|
|
|
正题名:诗词为媒;毛泽东与柳亚子
索取号:A752/SH413
 
预约/预借
| 序号 | 登录号 | 条形码 | 馆藏地/架位号 | 状态 | 备注 |
| 1 | 87676 | 200876766 | 社科库509/509社科库 3排1列3层/ [索取号:A752/SH413] | 在馆 | |
| 2 | 87678 | 200876784 | 社科库509/509社科库 3排1列3层/ [索取号:A752/SH413] | 在馆 | |
| 3 | 87679 | 200876793 | 社科库509/509社科库 2排2列5层/ [索取号:A752/SH413] | 在馆 |